| 000 | 01173nam a2200289 a 4500 | ||
|---|---|---|---|
| 999 |
_c490000 _d490000 |
||
| 003 | BLK | ||
| 005 | 20250415150005.0 | ||
| 008 | 230323b bul|||||r ||||||| ||bul|| | ||
| 020 | _a9786192500603 | ||
| 040 | _aBLK | ||
| 041 |
_aBUL _cBUL |
||
| 080 |
_aАмериканска литература (на САЩ) _b821.111(73) _x-992 _z821.111(73)-992 |
||
| 100 | 1 |
_aТеру, Пол _eпърви автор _9128705 |
|
| 139 |
_aТеру, Пол _bТ 53 |
||
| 245 | 1 | 0 |
_aВ равнината на змиите _bПътешествие из Мексико _cПол Теру; прев. от англ. Кристина Димитрова |
| 257 | _aUSA | ||
| 260 |
_aСофия _bВакон _c2022 |
||
| 300 |
_a518 с. _c22 см |
||
| 380 | _aX | ||
| 490 |
_aПътешествия и приключения _9207438 |
||
| 500 | _aОриг. загл. On the plain of snakes / Paul Theroux. | ||
| 700 |
_aДимитрова, Кристина Валентинова _eпрев. от англ. _9341215 |
||
| 856 | 4 |
_qpdf _i0.00 _ldisable |
|
| 856 | 4 |
_qpdf _i0.00 _ldisable |
|
| 942 |
_cKNG _n0 _019 _s1 |
||
| 944 |
_aCR _c2023-03-23 _k30531 _lЦветелина Шанова |
||